|
|
|
|
| LEADER |
00000cam a2200000 a 4500 |
| 001 |
105915 |
| 003 |
Ucuenca |
| 005 |
20230503070218.0 |
| 008 |
007111|2003 ag |||||r|||||||||||spa|| |
| 020 |
|
|
|a 9974578299
|
| 040 |
|
|
|b spa
|
| 041 |
0 |
|
|a spa
|
| 082 |
0 |
|
|a 340.04
|
| 100 |
1 |
|
|a Rippe, Siegbert
|9 61061
|
| 245 |
|
|
|a Comercio electrónico: análisis jurídico multidisciplinario
|c Siegbert Rippe, I. Creimer, C. Delpiazzo, D. Hargain, V. Matteo, R. Merlinski, M. Bauzá, P. Balarini, G. Caffera, J. Piaggio y N. Pérez
|h imp
|
| 264 |
|
|
|a Montevideo
|b B de F Ltda.
|c 2003
|
| 300 |
|
|
|a 215 páginas:
|c 23 cm
|
| 650 |
1 |
7 |
|a Derecho informático
|9 2080
|
| 650 |
1 |
|
|a Derecho electronico
|9 60972
|
| 650 |
1 |
7 |
|a Comercio electrónico
|9 1728
|
| 650 |
1 |
|
|a Internet
|9 1299
|
| 650 |
1 |
|
|a Firma electronica
|9 61046
|
| 852 |
|
|
|a UC-CDJBV
|f Compra
|l 1
|m General
|p 20071115
|q 20,00
|r 2
|t 105915
|y 264390
|b 0
|d CDRC
|e CDRC
|g 340.04 PRIMER PISO
|z 2007-71-11
|
| 942 |
|
|
|c BK
|2 ddc
|z diana.fajardo@ucuenca.edu.ec
|
| 999 |
|
|
|c 35734
|d 35734
|